| 000 | 00908nam a2200265 a 4500 | ||
|---|---|---|---|
| 999 |
_c447431 _d447431 |
||
| 003 | BLK | ||
| 005 | 20250718122313.0 | ||
| 008 | 201221b bu ||||gr|||| 00| | bu d | ||
| 020 | _a9786197614169 | ||
| 040 | _aBLK | ||
| 041 |
_aBUL _cBUL |
||
| 080 |
_aБългарска литература _b821.163.2 _x-32 _z821.163.2-32 |
||
| 100 |
_aБърдаров, Георги Костадинов _d1973- _gГеограф. Писател. _9379995 |
||
| 139 |
_aБърдаров, Георги Костадинов _bБ 93 |
||
| 245 |
_aДо последната минута _cГеорги Бърдаров _bРазкази |
||
| 257 | _aBGR | ||
| 260 |
_9394110 _aСофия _bМусагена _c2021 |
||
| 300 |
_a143 с. _c21 см |
||
| 380 | _aX | ||
| 942 |
_cKNG _n0 _s1 _079 |
||
| 944 |
_k30530 _lМинев Младен |
||
| 999 | _d447431 | ||
| 999 | _d447431 | ||
| 999 | _d447431 | ||